00881cam a22002777a 4500003000500000005001700005008004100022010001100063011001100074020001800085035001100103040000900114082002500123110006000148245014200208260002300350300004300373490003500416650001200451650002800463650001200491650002300503650001300526700002900539830003500568CHAP20220329143826.0111014s2007 it rn 00010 eng d a102388 a103360 a9789251056684 a114049 cCHAP10a639.21638bF21y v.822 aFAO. Comisión General de Pesca para el Mediterráneo13aMarketing of aquacultured seabass and seabream from the Mediterranean basinc/por FAO. Comisión General de Pesca para el Mediterráneo aRome :bFAO,c2007 aviii, 50 p. :bilus., gráfs., tablas 0aFAO. Studies and reviewsv; 8214aBesugo.14aComercio internacional.14aLubina.14aPescadoxMercadeo.14aPrecios.1 aMonfort, Marie Christine00aFAO. Studies and reviewsv; 82